Fictional Characters in "German" - Statistics

General Stats
  • This quiz has been taken 48 times
  • The average score is 8 of 20
Answer Stats
Hint Answer % Correct
Spinnenmann Spiderman
95%
Das Ding The Thing
71%
Kapitän Unterhosen Captain Underpants
63%
Fledermaus-Mädchen Batgirl
61%
Frau Kartoffelkopf Mrs. Potatohead
59%
Herr Unglaublich Mr. Incredible
51%
Ameisenmann Ant-man
49%
Menschliche Fackel Human Torch
46%
Gift-Efeu Poison Ivy
44%
Summ Lichtjahr Buzz Lightyear
41%
Haken Hook
39%
Witzbold Joker
32%
Vielfrass Wolverine
22%
Dehnba-Mädchen Elastigirl
20%
Fee Patin Fairy Godmother
20%
Kiefer Jaws
17%
Kesselflickerglocke Tinkerbell
15%
Bombenreise Bomb Voyage
10%
Beender Terminator
7%
Der Gewiefte Schlawiner The Artful Dodger
2%
No matching quizzes found
Score Distribution
Percent of People with Each Score
Percentile by Number Answered
Your Score History
You have not taken this quiz